One-way ticket : (Record no. 2772)

MARC details
000 -LEADER
fixed length control field 01633cam a2200361 a 4500
005 - DATE AND TIME OF LATEST TRANSACTION
control field 20240115094444.0
020 ## - INTERNATIONAL STANDARD BOOK NUMBER
International Standard Book Number 9780194789141 (pbk.)
020 ## - INTERNATIONAL STANDARD BOOK NUMBER
International Standard Book Number 0194789144 (pbk.)
020 ## - INTERNATIONAL STANDARD BOOK NUMBER
International Standard Book Number 9780194789141
020 ## - INTERNATIONAL STANDARD BOOK NUMBER
International Standard Book Number 9780194788175 (CD)
020 ## - INTERNATIONAL STANDARD BOOK NUMBER
International Standard Book Number 0194788172 (CD)
040 ## - CATALOGING SOURCE
Original cataloging agency DLC
Transcribing agency DLC
Modifying agency DLC
Language of cataloging eng
050 00 - LIBRARY OF CONGRESS CALL NUMBER
Classification number PE1126.A4
Item number B37685 2008
082 00 - DEWEY DECIMAL CLASSIFICATION NUMBER
Classification number 428.0076
Edition number 22
100 1# - MAIN ENTRY--PERSONAL NAME
Personal name Bassett, Jennifer
245 10 - TITLE STATEMENT
Title One-way ticket :
Remainder of title short stories /
Statement of responsibility, etc. Jennifer Bassett
250 ## - EDITION STATEMENT
Edition statement This edition Oxford University Press 2008
260 ## - PUBLICATION, DISTRIBUTION, ETC.
Place of publication, distribution, etc. Oxford ;
Name of publisher, distributor, etc. Oxford University Press,
Date of publication, distribution, etc. 2008
300 ## - PHYSICAL DESCRIPTION
Extent 56 pages :
Other physical details illustrations ;
Dimensions 20 cm
490 0# - SERIES STATEMENT
Series statement Oxford Bookworms Library ; Stage 1, Human interest.
500 ## - GENERAL NOTE
General note "First published in Oxford Bookworms, 1991"--T.p. verso.
505 0# - FORMATTED CONTENTS NOTE
Formatted contents note G
520 ## - SUMMARY, ETC.
Summary, etc. Tom Walsh had a lot to learn about life. He liked travelling, and he was in no hurry. He liked meeting people, anyone and everyone. He liked the two American girls on the train. They were nice and very friendly. They knew a lot of places. Tom thought they were fun. Tom certainly had a lot to learn about life. This is a collection of short stories about adventures on trains. Strange, wonderful, and frightening things can happen on trains - and all of them happen here.
521 ## - TARGET AUDIENCE NOTE
Target audience note 410
Source Lexile
521 ## - TARGET AUDIENCE NOTE
Target audience note G
Source Raz-Plus
650 #0 - SUBJECT ADDED ENTRY--TOPICAL TERM
Topical term or geographic name entry element Readers (Adult)
650 #0 - SUBJECT ADDED ENTRY--TOPICAL TERM
Topical term or geographic name entry element English language
Form subdivision Textbooks for foreign speakers.
650 #0 - SUBJECT ADDED ENTRY--TOPICAL TERM
Topical term or geographic name entry element Reading comprehension
Form subdivision Problems, exercises, etc.
650 #0 - SUBJECT ADDED ENTRY--TOPICAL TERM
Topical term or geographic name entry element Readers
General subdivision Railroad travel.
906 ## - LOCAL DATA ELEMENT F, LDF (RLIN)
a 7
b cbc
c origres
d 2
e ncip
f 20
g y-gencatlg
942 ## - ADDED ENTRY ELEMENTS (KOHA)
Source of classification or shelving scheme Dewey Decimal Classification
Koha item type Books
Suppress in OPAC No
999 ## -
-- 2772
-- 2772
Holdings
Withdrawn status Lost status Source of classification or shelving scheme Damaged status Not for loan Collection Home library Current library Shelving location Date acquired Total Checkouts Full call number Barcode Date last seen Date last checked out Price effective from Koha item type
    Dewey Decimal Classification     Fiction Footprints International School Library Network Toul Kork Campus Footprints International School Library Network Toul Kork Campus   01/15/2024 3 BAS 428.0076 PE1126.A4 FIS00334 03/11/2024 03/04/2024 01/15/2024 Books